Shituf ha-ʻovdim be-hanhalot / (Record no. 32427)

MARC details
000 -LEADER
fixed length control field 00731cam a22002171 4500
001 - CONTROL NUMBER
control field he 67001135
003 - CONTROL NUMBER IDENTIFIER
control field DLC
005 - DATE AND TIME OF LATEST TRANSACTION
control field 20260227111447.0
008 - FIXED-LENGTH DATA ELEMENTS--GENERAL INFORMATION
fixed length control field 840508s1966 is 000 0 heb
010 ## - LIBRARY OF CONGRESS CONTROL NUMBER
LC control number he 67001135
035 ## - SYSTEM CONTROL NUMBER
System control number (OCoLC)32928481
040 ## - CATALOGING SOURCE
Original cataloging agency DLC
Transcribing agency MH
Modifying agency CU
-- DLC
043 ## - GEOGRAPHIC AREA CODE
Geographic area code a-is---
050 00 - LIBRARY OF CONGRESS CALL NUMBER
Classification number HD5660.I8
Item number Y8
100 1# - MAIN ENTRY--PERSONAL NAME
Personal name Yudin, Yehuda,
Dates associated with a name 1910-
245 10 - TITLE STATEMENT
Title Shituf ha-ʻovdim be-hanhalot /
Statement of responsibility, etc. me-et Yehudah Yudin.
260 ## - PUBLICATION, DISTRIBUTION, ETC.
Place of publication, distribution, etc. [Tel Aviv] :
Name of publisher, distributor, etc. [ha-Histadrut ha-kelalit shel ha-ʻovdim be-ʼErets-Yiśraʼel, ha-Maḥlaḳah le-shituf poʻalim, ha-Merkaz le-ḥinukh ule-tarbut],
Date of publication, distribution, etc. 1966.
300 ## - PHYSICAL DESCRIPTION
Extent 32 p. ;
Dimensions 17 cm.
650 #0 - SUBJECT ADDED ENTRY--TOPICAL TERM
Topical term or geographic name entry element Management
General subdivision Employee participation
Geographic subdivision Israel.
752 ## - ADDED ENTRY--HIERARCHICAL PLACE NAME
Country or larger entity Israel
City Tel Aviv

No items available.

Powered by Koha